| Tag |
First Indicator |
Second Indicator |
Subfields |
| LEADER |
00000cam a2200000 a 4500 |
| 001 |
in00001402876 |
| 005 |
20151020053052.0 |
| 008 |
970225s1998 nyua b 001 0 eng |
| 010 |
|
|
|a 97009531
|
| 020 |
|
|
|a 0471111767 (cloth : acid-free paper)
|
| 035 |
|
|
|a (OCoLC)36485945
|
| 035 |
|
|
|9 AHM6912AM
|
| 040 |
|
|
|a DLC
|c DLC
|d TXA
|d UtOrBLW
|
| 049 |
|
|
|a TXAM
|
| 050 |
0 |
0 |
|a TJ260
|b .M483 1998
|
| 082 |
0 |
0 |
|a 621.402
|2 21
|
| 100 |
1 |
|
|a Middleman, Stanley.
|
| 245 |
1 |
3 |
|a An introduction to mass and heat transfer :
|b principles of analysis and design /
|c Stanley Middleman.
|
| 264 |
|
1 |
|a New York :
|b John Wiley & Sons,
|c [1998]
|
| 264 |
|
4 |
|c ©1998
|
| 300 |
|
|
|a xviii, 672 pages :
|b illustrations ;
|c 26 cm.
|
| 336 |
|
|
|a text
|b txt
|2 rdacontent
|
| 337 |
|
|
|a unmediated
|b n
|2 rdamedia
|
| 338 |
|
|
|a volume
|b nc
|2 rdacarrier
|
| 504 |
|
|
|a Includes bibliographical references and index.
|
| 650 |
|
0 |
|a Heat
|x Transmission.
|
| 650 |
|
0 |
|a Mass transfer.
|
| 945 |
|
|
|a PromptCat
|
| 946 |
|
|
|a qatar
|
| 947 |
|
|
|a Q14800152870
|
| 999 |
|
|
|a MARS
|
| 999 |
f |
f |
|s ae728432-95aa-3c54-bc2e-0b4c72c3818f
|i db22ce79-039c-3fcd-82dc-0818f83b9e59
|t 0
|
| 952 |
f |
f |
|p normal
|a Texas A&M University
|b College Station
|c Sterling C. Evans Library
|d Evans: Library Stacks
|t 0
|e TJ260 .M483 1998
|h Library of Congress classification
|i unmediated -- volume
|m A14822025162
|
| 998 |
f |
f |
|a TJ260 .M483 1998
|t 0
|l Evans: Library Stacks
|